| 000 | 00875nam a2200217 a 4500 | ||
|---|---|---|---|
| 005 | 20240924064331.0 | ||
| 008 | 991125s1975 fr 000 0 eng u | ||
| 035 | _aUPN01000018417 | ||
| 049 | _aCG | ||
| 050 | 4 |
_aLB2806 _bP8.4 |
|
| 100 | 1 |
_aPsacharopoulos, George, _d1937- _929882 |
|
| 245 | 1 | 0 |
_aEducation, employment and earnings : _ba review of recent evidence towards defining a research agenda for educational planning / _cby George Psacharopoulos and David Metcalf. |
| 260 |
_aParís : _bOCDE, _c1975. |
||
| 300 | _aiv, 86 h. | ||
| 500 | _a"Employment, undermployment and unemployment of graduates. Co-operative research programe of the development centre" | ||
| 650 | 4 |
_aEducación _xPlanificación _91146 |
|
| 650 | 4 |
_aMaestros _xSalarios, pensiones, etc. _9840 |
|
| 650 | 4 |
_aMAESTROS - _xOFERTA Y DEMANDA _9844 |
|
| 700 | 1 |
_aMetcalf, David, _ecoaut. |
|
| 905 | _aLibro | ||
| 999 |
_c18417 _d18417 |
||